highest grossing crime movies - Statistics

General Stats
  • This quiz has been taken 14 times
  • The average score is 10 of 15
Answer Stats
year starring gross film % Correct
2001 George Clooney $300 million Ocean's Eleven
100%
1972 Marlon Brando $739 million The Godfather
100%
1991 Jodie Foster $290 million The Silence of the Lambs
100%
1974 Al Pacino $238 million The Godfather Part II
92%
1994 Uma Thurman $237 million Pulp Fiction
83%
2001 Vin Diesel $239 million The Fast and the Furious
83%
2001 Anthony Hopkins $273 million Hannibal
75%
2002 Leonardo Dicaprio $256 million Catch Me If You Can
67%
2011 Paul Walker $243 million Fast Five
67%
1971 Gene Hackman $293 million The French Connection
67%
1973 Robert Redford $835 million The Sting
67%
2002 Renée Zellweger $265 million Chicago
58%
1969 Paul Newman $661 million Butch Cassidy & the Sundance Kid
50%
2013 Dwayne Johnson $267 million Fast & Furious 6
17%
2017 Michelle Rodriguez $236 million The Fate of the Furious
17%
No matching quizzes found
Score Distribution
Percent of People with Each Score
Percentile by Number Answered
Your Score History
You have not taken this quiz